000 00620nam a2200217 a 4500
005 20210219153239.0
008 991125n 000 0 u
035 _aUPN01000085550
100 _aBeech, John R.
222 _aJOURNAL OF LEARNING DISABILITIES
245 _aLexical and nonlexical routes : a comparison between normally achieving and poor readers
300 _a196-206
362 _a25, No. 3, 1992
505 _aSeptiembre 1992
653 0 _aDESCIFRAR
653 0 _aPROCESOS DE LECTURA
653 0 _aREADING DIFFICULTIES
700 _aAwaida, May
904 _aAC
_b023361
905 _aArticulo
999 _c71959
_d71959